000
00292nam a22001337a 4500
008
170821b xxu||||| |||| 00| 0 eng d
020
_a
0395570670
041
_a
eng
080
_2
3RD
_a
51
100
_a
37
101
_a
MAT
245
_a
INTRODUCTORY ALGEBRA
_c
AUFMANN,R.N
942
_2
udc
_c
BK
999
_c
24217
_d
24217